| 000 | 00427nam a2200145Ia 4500 | ||
|---|---|---|---|
| 008 | 230917s9999||||xx |||||||||||||| ||und|| | ||
| 040 |
_e177621 _aMAIN |
||
| 041 | _aEnglish | ||
| 082 | _a891.431731 CS397S | ||
| 100 | _aचौहान, सतपाल सिंह | ||
| 245 | 0 | _aसांसे कुछ बाकी है | |
| 260 |
_aदिल्ली _bमनीषा _c1993 |
||
| 300 | _a112 पृ. p. | ||
| 942 | _cHN | ||
| 999 |
_c83036 _d83036 |
||